| 000 | 01196nas a2200301 4500 | ||
|---|---|---|---|
| 001 | BR8103323 | ||
| 003 | BR-BrBNA | ||
| 005 | 20231205084747.0 | ||
| 007 | ta | ||
| 008 | 230509b bl.|||p| |||| 00| 00por d | ||
| 040 |
_aBR-BrBNA _bpor _cBiblioteca Nacional de Agricultura |
||
| 041 | _a(Pt) | ||
| 072 | _aL73; L70 | ||
| 100 | 1 | _aFranceschi, A. de P. | |
| 100 | 1 | _aTavares, D. de Q. | |
| 100 | 1 | _aCastro, A.F.P. de | |
| 245 | 1 | _aTeste do camundongo recem-nascido no ensaio da enterotoxina termostavel (ST)de Escherichia coli. Influencia da idade dos animais e estudo histologico [Doenca animal; Veterinaria; Toxina; Bacteria] | |
| 246 | 1 | _aInfant mouse test for the assay of thermostable (ST)enterotoxin from Escherichia coli. Histological studies and influence of mice age [Animal disease; Veterinary; Toxin; Bacterium] | |
| 650 | _aDoenca animal | ||
| 650 | _aVeterinaria | ||
| 650 | _aToxina | ||
| 650 | _aBacteria | ||
| 650 | _aHistologia | ||
| 650 | _aLaboratorio | ||
| 773 | 0 |
_tRevista Brasileira de Pesquisas Medicas e Biologicas (Brazil) _xISSN 0034-7310 _g(Apr 1980), v. 13(1-3) p. 31-36 _wBR8103323 |
|
| 909 |
_a202311 _bLúcia _c55 _dLúcia Elande |
||
| 942 |
_2AGRIS _n0 _cANA |
||
| 999 |
_c107122 _d107122 |
||